Kokainismus: Beratung und Therapie; Dokumentation der Fachtagung 1991
| Main Author: | |
|---|---|
| Corporate Author: | |
| Format: | Print Book |
| Language: | German |
| Published: |
Berlin
Senatsverwaltung für Jugend und Familie, Landesdrogenbauftragte
1993
|
| In: |
Beiträge zu Fragen der Suchtproblematik (3)
Year: 1993 |
| Edition: | 1. - 2. Tsd. |
| Availability in Tübingen: | Present in Tübingen. IFK: S 142 3 |
| Check availability: | HBZ Gateway |
| Subito Delivery Service: | Order now. |
| Keywords: |
MARC
| LEADER | 00000cam a22000002c 4500 | ||
|---|---|---|---|
| 001 | 1124600574 | ||
| 003 | DE-627 | ||
| 005 | 20220611123122.0 | ||
| 007 | tu | ||
| 008 | 960930s1993 xx ||||| 00| ||ger c | ||
| 015 | |a 96,B14,0577 |2 dnb | ||
| 016 | 7 | |a 94690412X |2 DE-101 | |
| 035 | |a (DE-627)1124600574 | ||
| 035 | |a (DE-576)05460057X | ||
| 035 | |a (DE-599)DNB94690412X | ||
| 035 | |a (OCoLC)75663170 | ||
| 040 | |a DE-627 |b ger |c DE-627 |e rakwb | ||
| 041 | |a ger | ||
| 084 | |a 5,2 |2 ssgn | ||
| 245 | 0 | 0 | |a Kokainismus |b Beratung und Therapie; Dokumentation der Fachtagung 1991 |c [Hrsg.: Senatsverwaltung für Jugend und Familie, Die Landesdrogenbeauftragte. Red.: Birgit Radmann; Vera Novak] |
| 250 | |a 1. - 2. Tsd. | ||
| 263 | |a kart. | ||
| 264 | 1 | |a Berlin |b Senatsverwaltung für Jugend und Familie, Landesdrogenbauftragte |c 1993 | |
| 300 | |a 77 S. |b Ill., graph. Darst. | ||
| 336 | |a Text |b txt |2 rdacontent | ||
| 337 | |a ohne Hilfsmittel zu benutzen |b n |2 rdamedia | ||
| 338 | |a Band |b nc |2 rdacarrier | ||
| 490 | 1 | |a Beiträge zu Fragen der Suchtproblematik |v 3 | |
| 500 | |a Literaturverz. S. 75 - 77 | ||
| 583 | 1 | |a Archivierung prüfen |c 20200919 |f DE-640 |z 2 |2 pdager | |
| 655 | 7 | |a Konferenzschrift |y 1991 |z Berlin |0 (DE-588)1071861417 |0 (DE-627)826484824 |0 (DE-576)433375485 |2 gnd-content | |
| 689 | 0 | 0 | |d g |0 (DE-588)4011882-4 |0 (DE-627)104704861 |0 (DE-576)208896155 |a Deutschland |2 gnd |
| 689 | 0 | 1 | |d s |0 (DE-588)4138597-4 |0 (DE-627)104577576 |0 (DE-576)209687398 |a Drogenabhängigkeit |2 gnd |
| 689 | 0 | 2 | |d s |0 (DE-588)4128249-8 |0 (DE-627)105718726 |0 (DE-576)209600497 |a Cocain |2 gnd |
| 689 | 0 | |5 (DE-627) | |
| 700 | 1 | |a Radmann, Birgit |e Red. |4 adp | |
| 710 | 2 | |a Berlin |b Senatsverwaltung für Jugend und Familie |b Landesdrogenbeauftragter |0 (DE-588)5127970-8 |0 (DE-627)183890035 |0 (DE-576)195203178 |4 oth | |
| 830 | 0 | |a Beiträge zu Fragen der Suchtproblematik |v 3 |9 3 |w (DE-627)1124590609 |w (DE-576)054590604 |7 am | |
| 951 | |a BO | ||
| ELC | |b 1 | ||
| LOK | |0 000 xxxxxcx a22 zn 4500 | ||
| LOK | |0 001 2290225207 | ||
| LOK | |0 003 DE-627 | ||
| LOK | |0 004 1124600574 | ||
| LOK | |0 005 19981119000000 | ||
| LOK | |0 008 970404||||||||||||||||ger||||||| | ||
| LOK | |0 040 |a DE-21-110 |c DE-627 |d DE-21-110 | ||
| LOK | |0 852 |a DE-21-110 | ||
| LOK | |0 852 1 |c S 142 3 |m p |9 00 | ||
| LOK | |0 935 |a k110 | ||
| LOK | |0 938 |k p | ||
| LOK | |0 939 |a 04-04-97 |b l01 | ||
| ORI | |a SA-MARC-krimdoka001.raw | ||
| SIG | |a IFK: S 142 3 | ||
| TIM | |a 100019901003_100020261231 |b 1990-10-03 - 2026 | ||
